| 000 | 02018nam a22002897a 4500 | ||
|---|---|---|---|
| 999 |
_c21998 _d21998 |
||
| 003 | AR-CdUCM | ||
| 008 | 190425b ||||| |||| 00| 0 spa d | ||
| 040 |
_aMUNICIPALIDAD PROVINCIAL DEL CUSCO _cBIBLIOTECA MUNICIPAL DEL CUSCO |
||
| 082 | _aSaqsaywaman/N°8/2008 | ||
| 110 |
_aInstituto Nacional de Cultura Region Cusco _929198 |
||
| 245 |
_aRevista Saqsaywaman : _cInstituto Nacional de Cultura Region Cusco. |
||
| 260 |
_aCusco. _bINC, _bDanny´s Graff, _c2008. |
||
| 300 |
_a237 páginas. : _bilustraciones ; _c21 cm. |
||
| 440 |
_aRevista Saqsaywaman. _nN°8, 2008 _947107 |
||
| 500 | _aProceso constructivo de la ciudad Inka de Machupicchu y otros artículos. | ||
| 505 | _aContenido: Proceso constructivo de la ciudad Inka de Machupicchu. Fernando Astete Victoria. -- Arqueología de arquitectura, Pikillaqta. Carmen Farfán. -- La ocupación Inka en Urqo Calca, una visión de su función y abandono a través de un contexto ritual. Maritza Rosa Candia. -- Yuthu sitio formativo a orillas de la laguna de Huaypo Cusco. Allison R. Davis y Carlos M. Delgado. -- Prospección y registros de los sitios arqueológicos asentados en el entorno de las lagunas de Asnaqocha y Pampamarca, ubicados en el distrito de Mosoqllaqta Acomayo Cusco. Domingo Farfán Acuña. -- Investigación Arqueológica en el “Templo Virgen de las Nieves de Sangarara Acomayo. Carlos Eduardo Rosell Bocanegra. -- Los niños del Llullaillaco y su exposición. Luis Massa. -- Análisis Mineralógico y Fisicoquímico de la pasta. Jorge Gamarra Gamio. -- Aporte del análisis Palinológico a la Arqueología. Eliana Rojas. | ||
| 650 |
_aArqueología cusqueña _99322 |
||
| 650 |
_aHistoria del Cusco _91714 |
||
| 650 |
_aInkas _91899 |
||
| 650 |
_aMonumentos históricos _96891 |
||
| 700 |
_aAstete Victoria, Fernando _947108 |
||
| 700 |
_aGamarra Gamio, Jorge _947109 |
||
| 700 |
_aRosa Candia, Maritza _947110 |
||
| 856 |
_uhttp://bvirtual.culturacusco.gob.pe/items/show/110 _zLeer en digital |
||
| 942 |
_2ddc _cPP |
||
| 945 | _arac | ||